000 00651nam a2200241Ia 4500
005 20260430150256.0
008 008 250103s9999 xx 000 0 eng d
037 _aTheses
040 _aCRL
040 _beng
040 _ceng
041 _2eng
041 _aeng
084 _qCRL
100 _aAra Anjum Au.; Singh Kavita Gu.
_91237007
245 3 _aAn Assessment of Impact of Mentoring in Indian Business Organizations
260 _c2023
300 _a154
650 _aManagement
700 _aUniversity of Delhi. Faculty of Management Studies. Deptt. of Management Studies
_91236312
942 _cTH
999 _c1849395
_d1849395